Zdaňovanie príjmov zo závislej činnosti a funkčných požitkov od zamestnávateľa v zahraničí
Niektoré povinnosti daňovníkov z hľadiska dane z príjmov fyzických osôb zo závislej činnosti a funkčných požitkov. Medzinárodné zmluvy o zamedzení dvojitého zdanenia medzi Slovenskou republikou a zmluvnými štátmi. Príjmy plynúce zo zahraničia daňovníkom a zdanenie príjmov. Zápočty dane.
Guardado en:
| Autor principal: | |
|---|---|
| Formato: | Capítulo de libro |
| Lenguaje: | eslovaco |
| Materias: | |
| Etiquetas: |
Sin Etiquetas, Sea el primero en etiquetar este registro!
|
MARC
| LEADER | 00000naa a2200000 4500 | ||
|---|---|---|---|
| 001 | r034564 | ||
| 005 | 20230809075009.0 | ||
| 041 | 0 | |a slo | |
| 044 | |a SK | ||
| 245 | 1 | 0 | |a Zdaňovanie príjmov zo závislej činnosti a funkčných požitkov od zamestnávateľa v zahraničí |c Pavel Tallo |
| 520 | |a Niektoré povinnosti daňovníkov z hľadiska dane z príjmov fyzických osôb zo závislej činnosti a funkčných požitkov. Medzinárodné zmluvy o zamedzení dvojitého zdanenia medzi Slovenskou republikou a zmluvnými štátmi. Príjmy plynúce zo zahraničia daňovníkom a zdanenie príjmov. Zápočty dane. | ||
| 610 | 2 | 0 | |a dane z príjmov |
| 610 | 2 | 0 | |a práca v zahraničí |
| 610 | 2 | 0 | |a osoby fyzické |
| 610 | 2 | 0 | |a daňovníci |
| 610 | 2 | 0 | |a povinnosť daňová |
| 610 | 2 | 0 | |a priznania daňové |
| 610 | 2 | 0 | |a zdanenie dvojité |
| 610 | 2 | 0 | |a zmluvy medzinárodné |
| 610 | 2 | 0 | |a Slovensko |
| 610 | 2 | 0 | |a kurz výmenný |
| 100 | 1 | |a Tallo, Pavel | |